| 000 | 01281nam a22003617a 4500 | ||
|---|---|---|---|
| 003 | CHAP | ||
| 005 | 20220329134103.0 | ||
| 008 | 971013s1940 r 00010 d | ||
| 010 | _a15191 | ||
| 011 | _a16163 | ||
| 035 | _a20241 | ||
| 040 | _cCHAP | ||
| 090 | _aTesis | ||
| 100 | 0 | 0 |
_aHess Martínez Rojas, Fernando. _955041 |
| 245 | _aExposición de los estudios y proyectos tal como están siendo ejecuttados por la Secretaría de Agricultura y Fomento en el Municipio de Juigapec, Edo. de Michoacán | ||
| 260 |
_a(s.l.) : _bEl Autor, _c1940 |
||
| 300 | _a53 h. | ||
| 500 | _aPlanos por separado | ||
| 502 | _aTesis (Ing. Agr. Esp. en Irrigación) -- ENA. | ||
| 590 |
_aALEPH _b10 _c20130110 _lUCH01 _h1237 |
||
| 590 |
_aBATCH-UPD _b10 _c20130110 _lUCH01 _h0107 |
||
| 590 |
_aBATCH-UPD _b10 _c20130110 _lUCH01 _h2209 |
||
| 590 |
_aBATCH-UPD _b10 _c20130409 _lUCH01 _h2058 |
||
| 590 |
_aBATCH-UPD _b10 _c20130410 _lUCH01 _h1513 |
||
| 590 |
_aBATCH-UPD _b10 _c20130914 _lUCH01 _h1612 |
||
| 590 |
_aCONVERSION _b10 _c20130109 _lUCH01 _h1310 |
||
| 650 | 1 | 4 |
_aIrrigación _xProyectos _xMichoacán. _960459 |
| 901 | _aBK | ||
| 942 | _cFOLL | ||
| 949 |
_bBC _cTES _d-47219 _eTS1 _i20241 _si |
||
| 949 |
_bBC _cTES _d-47220 _eTS2 _fc.2 _i20241 _si |
||
| 949 |
_bBC _cTES _d-47221 _eTS2 _fc.3 _i20241 _si |
||
| 999 |
_c15191 _d15191 |
||